Harry Potter Zauberstäbe nach Bildern #1 - Statistiken

Allgemein
  • Dieses Quiz wurde 1.053 mal gespielt
  • Das Durchschnittsergebnis liegt bei 8 aus 16
Antwortstatistiken
Bildquiz Antwort % Korrekt
Lucius Malfoy
94%
Albus Dumbledore
93%
Rubeus Hagrid
84%
Tom Marvolo Riddle
83%
Bellatrix Lestrange
72%
Hermione Granger
70%
Harry Potter
65%
Draco Malfoy
47%
Ron Weasley
42%
Luna Lovegood
37%
Severus Snape
32%
Sirius Black
29%
Ginny Weasley
27%
Minerva McGonagall
24%
Remus Lupin
17%
Viktor Krum
15%
Keine übereinstimmenden Quizze gefunden
Verteilung der Resultate
Anzahl Personen mit jedem Resultat
Perzentil nach korrekt beantworteten Fragen
Ihre Resultats-Entwicklung
Sie haben dieses Quiz noch nicht gespielt